000
00303nam a22001457a 4500
008
221208b ||||| |||| 00| 0 eng d
020
_a
9780321567994
041
_a
eng
080
_a
51
082
_a
51ROC
100
_a
20.1
101
_a
MATE
245
_a
PREALGEBRA
_c
ROCKSWOLD
942
_2
udc
_c
BK
999
_c
59134
_d
59134